000 00449nam a22001817a 4500
005 20250728090544.0
008 250728b |||||||| |||| 00| 0 eng d
020 _a9780007208623
_qpbk
041 _aeng
082 _a823.914 CHR
100 _aChristie Agatha
245 _a1920s Omnibus
_c/ Agatha Christie
250 _a1st ed
260 _aLondon
_bHarper Collins
_c2006
300 _a841p. :
_c22cm
650 _aFiction
942 _cENGLISH
999 _c577600
_d577600